Ricostruisci la Carriera del Calciatore - Lorenzo De Silvestri - Statistics

Statistiche generali
  • Questo quiz è stato fatto 5 volte
  • Il punteggio medio è 4 su 5
Statistiche sulle risposte
Hint Risposta % Corretto
2020- Bologna
100%
2012-2016 Sampdoria
100%
2009-2012 Fiorentina
75%
2016-2020 Torino
75%
2005-2009 Lazio
25%
Nessun quiz corrispondente trovato
Distribuzione punteggi
Percentuale di utenti per punteggio
Percentile per numero di risposta
I tuoi punteggi nel tempo
Non hai fatto questo quiz